[Event "1. OEsterreichische Internet Schach Meisterschaft - Vorrunde 2"]
[Site "Online - Playchess.com"]
[Date ""]
[Round "5"]
[Board "20"]
[White "Gelbenegger, Patrick"]
[Black "Wagner, Leopold Franziskus"]
[Result "1/2-1/2"]
[WhiteElo "2240"]
[BlackElo "2168"]
[PlyCount "131"]
[EventDate "2020.04.13"]
[EventRounds "9"]
[EventCountry "AUT"]

1. e4 c5 2. Nf3 Nc6 3. d4 cxd4 4. Nxd4 Nf6 5. Nc3 e5 6. Ndb5 d6 7. Bg5 a6 8. Na3
Be6 9. Be2 Be7 10. O-O O-O 11. Bxf6 Bxf6 12. Nd5 Bg5 13. c3 f5 14. Bf3 Ne7 15. Nxe7+
Qxe7 16. Nc2 Rad8 17. Nb4 a5 18. Nd5 Qf7 19. c4 fxe4 20. Bxe4 Bf5 21. Qd3 g6 22.
Rad1 Kh8 23. Bxf5 gxf5 24. f4 e4 25. Qc3+ Bf6 26. Nxf6 Qxf6 27. Qxf6+ Rxf6 28. Rd5
b6 29. Rfd1 Kg7 30. Kf2 Kf7 31. Rb5 Rb8 32. Rdd5 Ke6 33. b3 Rb7 34. g3 Rh6 35. Kg2
Rf6 36. h3 h5 37. Kf2 Rff7 38. Rd1 Rg7 39. Rbd5 Rbd7 40. Rg1 Rg6 41. g4 hxg4 42.
hxg4 Rxg4 43. Rxg4 fxg4 44. Rg5 d5 45. cxd5+ Rxd5 46. Rxg4 Rd2+ 47. Ke3 Rxa2 48.
Rg6+ Kf7 49. Rxb6 Rb2 50. Rb5 Ke6 51. Kxe4 Re2+ 52. Kf3 Rb2 53. Ke4 Re2+ 54. Kd4
Rf2 55. f5+ Kf6 56. Kc4 Rf4+ 57. Kc3 a4 58. b4 Rf3+ 59. Kb2 Rb3+ 60. Ka2 Rh3 61.
Rc5 Rb3 62. b5 Rh3 63. Rd5 Rb3 64. Rc5 Rh3 65. Rc4 Rb3 66. Rc5  1/2-1/2

[Event "1. OEsterreichische Internet Schach Meisterschaft - Vorrunde 2"]
[Site "Online - Playchess.com"]
[Date ""]
[Round "5"]
[Board "21"]
[White "Trippold, Denise"]
[Black "Bauer, Sebastian"]
[Result "0-1"]
[WhiteElo "2150"]
[BlackElo "2237"]
[PlyCount "68"]
[EventDate "2020.04.13"]
[EventRounds "9"]
[EventCountry "AUT"]

1. d4 Nf6 2. c4 e6 3. Nf3 d5 4. g3 Be7 5. Bg2 O-O 6. O-O c5 7. cxd5 exd5 8. Nc3 Nc6
9. Bg5 Be6 10. Bxf6 Bxf6 11. dxc5 Bxc3 12. bxc3 Qa5 13. Qd2 Qxc5 14. Rab1 Na5 15.
Qd3 Nc4 16. Nd4 Bc8 17. Rfd1 Nb6 18. Rb5 Qc7 19. Nb3 Be6 20. Nd4 Bd7 21. Rbb1 Rac8
22. Rbc1 Qc4 23. Qxc4 Rxc4 24. Nb3 Be6 25. Na5 Rc7 26. Nb3 Rfc8 27. Rd3 a5 28. Nxa5
Ra8 29. Nb3 Rxa2 30. Kf1 Ra3 31. Nd4 Bd7 32. Rb1 Ra6 33. Nb5 Bxb5 34. Rxb5 Ra1+  0-1

[Event "1. OEsterreichische Internet Schach Meisterschaft - Vorrunde 2"]
[Site "Online - Playchess.com"]
[Date ""]
[Round "5"]
[Board "22"]
[White "Fuchs, Georg"]
[Black "Wiedermann, Daniel"]
[Result "0-1"]
[WhiteElo "2234"]
[BlackElo "2048"]
[PlyCount "124"]
[EventDate "2020.04.13"]
[EventRounds "9"]
[EventCountry "AUT"]

1. e4 c6 2. d4 d5 3. Nc3 dxe4 4. Nxe4 Bf5 5. Ng3 Bg6 6. h4 h6 7. Nf3 Nd7 8. Bd3 Bxd3
9. Qxd3 e6 10. O-O Ngf6 11. Re1 Bd6 12. Nf5 Bf8 13. Bf4 Nb6 14. c4 g6 15. Ng3 Bg7
16. Rad1 O-O 17. h5 Nxh5 18. Nxh5 gxh5 19. Be5 Nd7 20. Bxg7 Kxg7 21. Ne5 Nxe5 22.
Rxe5 Qh4 23. Qf3 Qg4 24. Rxh5 Qxf3 25. gxf3 f5 26. Kg2 Kg6 27. Rh4 Rad8 28. f4 Rg8
29. Kf3 Kh7 30. Ke3 Rg4 31. Rxg4 fxg4 32. Ke4 Kg6 33. Ke5 c5 34. d5 exd5 35. cxd5
h5 36. f5+ Kf7 37. f6 h4 38. Kf4 g3 39. fxg3 hxg3 40. Kxg3 Kxf6 41. Kf4 b6 42. Ke4
Re8+ 43. Kd3 Ke7 44. Re1+ Kd7 45. Rxe8 Kxe8 46. Kc4 Kd7 47. Kb5 Kd6 48. Ka6 Kxd5
49. Kxa7 b5 50. Kb6 Kc4 51. Ka5 b4 52. Ka4 Kd4 53. Kb5 Kd5 54. Kb6 c4 55. a4 bxa3
56. bxa3 c3 57. a4 c2 58. a5 c1=Q 59. a6 Kd6 60. Kb7 Qb2+ 61. Ka8 Kc7 62. Ka7 Qb8#
 0-1

[Event "1. OEsterreichische Internet Schach Meisterschaft - Vorrunde 2"]
[Site "Online - Playchess.com"]
[Date ""]
[Round "5"]
[Board "23"]
[White "Hofstadler, Mario"]
[Black "Meier, Alexander"]
[Result "0-1"]
[WhiteElo "1867"]
[BlackElo "2226"]
[PlyCount "50"]
[EventDate "2020.04.13"]
[EventRounds "9"]
[EventCountry "AUT"]

1. d4 d6 2. Nf3 Bg4 3. e3 g6 4. Be2 Bg7 5. h3 Bxf3 6. Bxf3 c6 7. O-O Nf6 8. c4 O-O
9. Nc3 Nbd7 10. b3 Qc7 11. Bb2 Rad8 12. Qc2 e5 13. Rad1 Rfe8 14. d5 c5 15. Be2 Nf8
16. Bd3 a6 17. a3 Nh5 18. Be2 Nf6 19. Bd3 Qd7 20. Rde1 Nh5 21. Be2 f5 22. Bxh5 gxh5
23. f4 exf4 24. exf4 Ng6 25. Qf2 Bd4  0-1

[Event "1. OEsterreichische Internet Schach Meisterschaft - Vorrunde 2"]
[Site "Online - Playchess.com"]
[Date ""]
[Round "5"]
[Board "24"]
[White "Breneis, Gerhard"]
[Black "Polterauer, Chiara"]
[Result "1-0"]
[WhiteElo "1990"]
[BlackElo "2178"]
[PlyCount "137"]
[EventDate "2020.04.13"]
[EventRounds "9"]
[EventCountry "AUT"]

1. e4 e5 2. Nf3 Nc6 3. b4 Bxb4 4. Bb2 Qe7 5. Nc3 Bxc3 6. Bxc3 Nf6 7. d3 O-O 8. Rb1
d5 9. Nd2 Rd8 10. Qf3 Qc5 11. Rb3 dxe4 12. dxe4 Nd4 13. Bxd4 Qxd4 14. Bd3 Qa1+ 15.
Rb1 Qxa2 16. O-O Bg4 17. Qe3 b6 18. h3 Be6 19. g4 Qa5 20. g5 Ne8 21. Rb5 Qc3 22.
Kh2 c5 23. Nb1 Qd4 24. Qg3 c4 25. Be2 Rac8 26. Qxe5 Qxe5+ 27. Rxe5 Rc5 28. Rxc5 bxc5
29. Rd1 Rxd1 30. Bxd1 Kf8 31. f4 g6 32. Kg3 Nd6 33. Kf3 Bxh3 34. Nc3 Be6 35. Na4
Nb7 36. Ke3 Ke7 37. Bf3 Kd7 38. e5 Kc7 39. Kd2 Bd7 40. Nb2 Na5 41. Kc3 Bb5 42. Nd1
Nc6 43. Ne3 Nd4 44. Bd1 Ne6 45. Nd5+ Kd8 46. Bg4 Bc6 47. Bxe6 fxe6 48. Nf6 Ke7 49.
Nxh7 Be4 50. Kxc4 Bxc2 51. Kxc5 Bf5 52. Nf6 a5 53. Kb5 Bd3+ 54. Kxa5 Bc2 55. Kb5
Bd3+ 56. Kb6 Bf5 57. Kc7 Bd3 58. Nd7 Bb1 59. Nc5 Bc2 60. Nb7 Bb1 61. Nd8 Bc2 62.
Nc6+ Kf7 63. Kd6 Bb3 64. Nd8+ Kg7 65. Nxe6+ Kf7 66. Nd4 Ba2 67. e6+ Ke8 68. e7 Bb1
69. Nb5  1-0

[Event "1. OEsterreichische Internet Schach Meisterschaft - Vorrunde 2"]
[Site "Online - Playchess.com"]
[Date ""]
[Round "5"]
[Board "25"]
[White "Riemelmoser, Stefan"]
[Black "Froewis, Annika"]
[Result "1-0"]
[WhiteElo "2046"]
[BlackElo "2136"]
[PlyCount "77"]
[EventDate "2020.04.13"]
[EventRounds "9"]
[EventCountry "AUT"]

1. e4 e5 2. Nf3 Nc6 3. Bb5 a6 4. Ba4 Nf6 5. O-O b5 6. Bb3 Bc5 7. c3 d6 8. d4 Bb6
9. h3 O-O 10. Re1 Bb7 11. d5 Ne7 12. Nh2 c6 13. dxc6 Bxc6 14. Nd2 Ng6 15. Ng4 Nf4
16. Nf1 Nxe4 17. Bxf4 exf4 18. Bd5 Bxd5 19. Qxd5 Nf6 20. Nxf6+ Qxf6 21. Nd2 Rae8
22. Nf3 Re6 23. Rxe6 Qxe6 24. Qd2 Qf6 25. Re1 h6 26. Qd5 Rb8 27. Qc6 Kh7 28. Qe4+
g6 29. Qc6 a5 30. Qd7 Kg7 31. Qc6 b4 32. cxb4 axb4 33. Qc2 Bc5 34. Qd2 Ra8 35. b3
Ra7 36. Nh2 Qh4 37. Ng4 h5 38. Qb2+ f6 39. Nh2  1-0

[Event "1. OEsterreichische Internet Schach Meisterschaft - Vorrunde 2"]
[Site "Online - Playchess.com"]
[Date ""]
[Round "5"]
[Board "27"]
[White "Schnider, Gert"]
[Black "Baumegger, Siegfried"]
[Result "0-1"]
[WhiteElo "2423"]
[BlackElo "2441"]
[PlyCount "70"]
[EventDate "2020.04.13"]
[EventRounds "9"]
[EventCountry "AUT"]

1. e4 c5 2. d4 cxd4 3. Nf3 Nc6 4. Nxd4 g6 5. c4 Nf6 6. Nc3 d6 7. Be3 Ng4 8. Bg5 Qb6
9. Nce2 Bg7 10. Be3 Nxe3 11. fxe3 Qxb2 12. Rb1 Qa3 13. Kf2 O-O 14. g3 Qxa2 15. Bg2
Bg4 16. Ra1 Qxc4 17. Rc1 Qa2 18. Rc2 Qa4 19. Qd2 Bxe2 20. Nxe2 Ne5 21. Rhc1 a5 22.
Kg1 Qb4 23. Qd5 Qb6 24. Nd4 Nc6 25. Nxc6 Qxe3+ 26. Kh1 bxc6 27. Rxc6 a4 28. R6c2
a3 29. Qa2 Bb2 30. Rf1 e6 31. Rcf2 Ra7 32. Bh3 Re7 33. Bg2 Rb7 34. Rf3 Qb6 35. Bh3
Re7  0-1

[Event "1. OEsterreichische Internet Schach Meisterschaft - Vorrunde 2"]
[Site "Online - Playchess.com"]
[Date ""]
[Round "5"]
[Board "28"]
[White "Birklbauer, Toni"]
[Black "Schein, Karl-Heinz"]
[Result "0-1"]
[WhiteElo "2047"]
[BlackElo "2187"]
[PlyCount "56"]
[EventDate "2020.04.13"]
[EventRounds "9"]
[EventCountry "AUT"]

1. d4 Nf6 2. Bg5 e6 3. Nf3 Be7 4. Nbd2 h6 5. Bf4 d5 6. e3 O-O 7. Bd3 b6 8. c3 Ba6
9. Bxa6 Nxa6 10. Qe2 Nb8 11. Ne5 Nbd7 12. h4 Nxe5 13. dxe5 Ne4 14. Rd1 Nxd2 15. Rxd2
Bxh4 16. Qh5 Bg5 17. Qh3 c5 18. g3 Qe7 19. Bxg5 Qxg5 20. f4 Qg6 21. g4 d4 22. exd4
cxd4 23. cxd4 Qe4+ 24. Re2 Qxf4 25. g5 Rac8 26. Rf2 Rc1+ 27. Ke2 Rc2+ 28. Kf1 Qxf2#
 0-1

[Event "1. OEsterreichische Internet Schach Meisterschaft - Vorrunde 2"]
[Site "Online - Playchess.com"]
[Date ""]
[Round "5"]
[Board "29"]
[White "Kapferer, Romed"]
[Black "Pirker, Christian"]
[Result "0-1"]
[WhiteElo "2081"]
[BlackElo "2167"]
[PlyCount "96"]
[EventDate "2020.04.13"]
[EventRounds "9"]
[EventCountry "AUT"]

1. e4 e5 2. Nf3 d6 3. d4 exd4 4. c3 Nf6 5. Bg5 dxc3 6. Nxc3 Be7 7. Bc4 O-O 8. O-O
Nc6 9. Rc1 Bg4 10. Be2 h6 11. Bh4 Nxe4 12. Bxe7 Qxe7 13. Nd5 Qd8 14. Re1 Nf6 15.
Ne3 Bxf3 16. Bxf3 Ne5 17. Bxb7 Rb8 18. Bd5 Rxb2 19. Bb3 Ne4 20. Rc2 Rxc2 21. Qxc2
Nc5 22. Nd5 c6 23. Ne3 Qg5 24. Kh1 Ned3 25. Re2 Re8 26. Nf1 Rxe2 27. Qxe2 Qe5 28.
Qxe5 Nxe5 29. Bc4 d5 30. Be2 f5 31. f4 Ned3 32. g3 Nc1 33. Bf3 Nxa2 34. Ne3 g6 35.
Kg2 Nc3 36. Nc2 a5 37. Nd4 a4 38. Nc2 Nb5 39. Be2 Kf7 40. Kf3 Ke7 41. Ke3 Kd6 42.
Bxb5 cxb5 43. Kd4 Ne6+ 44. Kd3 Kc5 45. h3 b4 46. Na1 b3 47. Kc3 d4+ 48. Kd3 Kb4  0-1

[Event "1. OEsterreichische Internet Schach Meisterschaft - Vorrunde 2"]
[Site "Online - Playchess.com"]
[Date ""]
[Round "5"]
[Board "30"]
[White "Kuecher, Wolfgang"]
[Black "Friedl, Markus"]
[Result "1-0"]
[WhiteElo "2117"]
[BlackElo "1857"]
[PlyCount "81"]
[EventDate "2020.04.13"]
[EventRounds "9"]
[EventCountry "AUT"]

1. g3 e5 2. Bg2 c6 3. d4 exd4 4. Qxd4 Nf6 5. Nf3 d5 6. O-O Be7 7. c4 dxc4 8. Qxc4
O-O 9. Nc3 Be6 10. Qa4 Nbd7 11. Rd1 Qc7 12. Bf4 Qc8 13. Rac1 Nb6 14. Qc2 Nbd5 15.
Nxd5 Nxd5 16. Bd2 Rd8 17. a3 Qc7 18. e4 Nf6 19. h3 Qb6 20. Bc3 h6 21. Nd4 Bc4 22.
Nf5 Qc7 23. Nxe7+ Qxe7 24. Bxf6 Qxf6 25. Qxc4 Rxd1+ 26. Rxd1 Qxb2 27. Qb4 Qe2 28.
Rd2 Qe1+ 29. Kh2 Re8 30. Rd8 Qxb4 31. Rxe8+ Qf8 32. Rxf8+ Kxf8 33. Kg1 Ke7 34. Kf1
f6 35. Ke2 c5 36. Kd3 b6 37. f4 Kd6 38. Kc4 a6 39. a4 g5 40. Bf3 Ke6 41. a5  1-0

[Event "1. OEsterreichische Internet Schach Meisterschaft - Vorrunde 2"]
[Site "Online - Playchess.com"]
[Date ""]
[Round "5"]
[Board "31"]
[White "Goelles, Herbert"]
[Black "Schloffer, Jasmin-Denise"]
[Result "0-1"]
[WhiteElo "1705"]
[BlackElo "2110"]
[PlyCount "82"]
[EventDate "2020.04.13"]
[EventRounds "9"]
[EventCountry "AUT"]

1. d3 Nf6 2. g3 e6 3. Bg2 d5 4. f4 d4 5. e4 dxe3 6. Bxe3 Bd6 7. Nf3 c6 8. O-O Nbd7
9. h3 h5 10. Nc3 Qc7 11. Ne4 b6 12. Nxd6+ Qxd6 13. Qe2 Bb7 14. Ng5 Qe7 15. a4 O-O
16. Rae1 Nc5 17. b3 Rad8 18. Ne4 Ncxe4 19. dxe4 e5 20. f5 c5 21. Bg5 Rd4 22. c3 Rd6
23. Bxf6 Rxf6 24. Qxh5 Rh6 25. Qg4 Rd8 26. Rd1 Rhd6 27. Rxd6 Rxd6 28. h4 Qd8 29.
h5 a6 30. Kh2 b5 31. axb5 axb5 32. c4 bxc4 33. bxc4 Ba6 34. Rc1 Rh6 35. Bf3 Qd2+
36. Kh3 Qxc1 37. f6 Rxf6 38. Qd7 Qg5 39. Qa7 Rxf3 40. Qb8+ Kh7 41. Qxe5 Qxe5  0-1

[Event "1. OEsterreichische Internet Schach Meisterschaft - Vorrunde 2"]
[Site "Online - Playchess.com"]
[Date ""]
[Round "5"]
[Board "32"]
[White "Mira, Helene"]
[Black "Maierhofer, Johann"]
[Result "0-1"]
[WhiteElo "2082"]
[BlackElo "2087"]
[PlyCount "94"]
[EventDate "2020.04.13"]
[EventRounds "9"]
[EventCountry "AUT"]

1. d4 e6 2. c4 d5 3. Nf3 c6 4. Qd2 f5 5. b3 Nf6 6. Bb2 Ne4 7. Qc1 Bb4+ 8. Nfd2 Nd7
9. a3 Be7 10. f3 Nxd2 11. Nxd2 O-O 12. e3 Nf6 13. Bd3 Bd7 14. O-O Be8 15. Qc2 Bg6
16. Rae1 Rc8 17. e4 fxe4 18. fxe4 Ng4 19. Nf3 Qc7 20. e5 Bxd3 21. Qxd3 Nh6 22. Ng5
Bxg5 23. Rxf8+ Rxf8 24. Rf1 Rxf1+ 25. Qxf1 Qf7 26. Qe1 Qf5 27. h3 Qe4 28. Qxe4 dxe4
29. g4 Bf4 30. Kf2 Nf7 31. Bc3 Ng5 32. Kg2 h6 33. h4 Nf3 34. h5 Nd2 35. Bxd2 Bxd2
36. Kf2 Kf7 37. Ke2 Bf4 38. b4 g6 39. a4 g5 40. a5 Ke7 41. b5 cxb5 42. cxb5 Kd7 43.
Kf2 Kc7 44. Ke2 a6 45. bxa6 bxa6 46. d5 exd5 47. e6 d4  0-1

[Event "1. OEsterreichische Internet Schach Meisterschaft - Vorrunde 2"]
[Site "Online - Playchess.com"]
[Date ""]
[Round "5"]
[Board "33"]
[White "Wimmer, Kevin"]
[Black "Moritz, Christian"]
[Result "1/2-1/2"]
[WhiteElo "1944"]
[BlackElo "2077"]
[PlyCount "101"]
[EventDate "2020.04.13"]
[EventRounds "9"]
[EventCountry "AUT"]

1. e4 e6 2. d4 d5 3. Nd2 Nf6 4. e5 Nfd7 5. Bd3 c5 6. c3 Nc6 7. Ne2 cxd4 8. cxd4 f6
9. exf6 Nxf6 10. Nf3 Bd6 11. O-O Qc7 12. Nc3 a6 13. Bd2 O-O 14. Rc1 Nh5 15. Na4 Nf4
16. Bxf4 Bxf4 17. Rc2 g6 18. Nc5 Qg7 19. Be2 Bd6 20. Nxa6 Rxf3 21. Bxf3 Rxa6 22.
a3 Bd7 23. Rd2 Ra8 24. Rd3 Rf8 25. Qb3 Nxd4 26. Qxb7 Nxf3+ 27. Rxf3 Rxf3 28. gxf3
Qh6 29. Re1 Bxh2+ 30. Kf1 Be8 31. Qc8 Kf7 32. Qb7+ Kf6 33. Qc8 Bf7 34. Qd8+ Kf5 35.
Qb6 Qh3+ 36. Ke2 Qh4 37. Qe3 Qf4 38. Qd3+ Kg5 39. Kd1 Qd6 40. b4 Kf6 41. Qd4+ Be5
42. Qd2 Be8 43. Qh6 Ba4+ 44. Ke2 Qa6+ 45. Kd2 Qc4 46. Qf8+ Kg5 47. Rg1+ Kh5 48. Rh1+
Kg5 49. Rg1+ Kh5 50. Rh1+ Kg5 51. Rg1+  1/2-1/2

[Event "1. OEsterreichische Internet Schach Meisterschaft - Vorrunde 2"]
[Site "Online - Playchess.com"]
[Date ""]
[Round "5"]
[Board "34"]
[White "Keim, Philipp"]
[Black "Dreher, David"]
[Result "0-1"]
[WhiteElo "1919"]
[BlackElo "1888"]
[PlyCount "34"]
[EventDate "2020.04.13"]
[EventRounds "9"]
[EventCountry "AUT"]

1. Nf3 f5 2. c4 Nf6 3. Nc3 e6 4. d4 d5 5. e3 c6 6. Be2 Bd6 7. O-O O-O 8. Rb1 Bd7
9. Nd2 Be8 10. f3 Bg6 11. cxd5 exd5 12. e4 fxe4 13. fxe4 dxe4 14. Ncxe4 Nxe4 15.
Bc4+ Kh8 16. Nxe4 Bxe4 17. Re1 Bxb1  0-1

[Event "1. OEsterreichische Internet Schach Meisterschaft - Vorrunde 2"]
[Site "Online - Playchess.com"]
[Date ""]
[Round "5"]
[Board "35"]
[White "Schwabeneder, Alois"]
[Black "Hofmann, Thomas"]
[Result "0-1"]
[WhiteElo "2004"]
[BlackElo "2215"]
[PlyCount "98"]
[EventDate "2020.04.13"]
[EventRounds "9"]
[EventCountry "AUT"]

1. e4 c5 2. Nf3 Nf6 3. d3 d5 4. Qe2 Nc6 5. c3 Bg4 6. g3 e6 7. Bg2 Be7 8. O-O Qc7
9. a4 dxe4 10. dxe4 Ne5 11. Bf4 Bd6 12. Bxe5 Bxe5 13. Na3 a6 14. Nc4 Nd7 15. Rfd1
Rd8 16. Qe3 Bxf3 17. Bxf3 O-O 18. Bg2 b5 19. axb5 axb5 20. Na3 Rb8 21. f4 Bf6 22.
e5 Be7 23. Qe4 c4 24. Qc6 Qxc6 25. Bxc6 Bxa3 26. Rxa3 Nc5 27. Ra5 Nd3 28. Bxb5 Nxb2
29. Rd2 Nd3 30. Bxc4 Nb2 31. Bf1 Rfd8 32. Rxd8+ Rxd8 33. c4 g6 34. c5 Rd1 35. Kf2
Rc1 36. Bb5 Kg7 37. c6 Rc5 38. Ra8 Nd1+ 39. Kg2 Nc3 40. Ba4 Nxa4 41. Rxa4 Rxc6 42.
Ra2 h6 43. Re2 g5 44. fxg5 hxg5 45. h4 Kg6 46. Kh3 Rc4 47. hxg5 Kxg5 48. Rf2 Kg6
49. Re2 Kf5  0-1

[Event "1. OEsterreichische Internet Schach Meisterschaft - Vorrunde 2"]
[Site "Online - Playchess.com"]
[Date ""]
[Round "5"]
[Board "36"]
[White "Steiner, Adam"]
[Black "Hochwarter, Martin"]
[Result "0-1"]
[WhiteElo "2251"]
[BlackElo "1932"]
[PlyCount "66"]
[EventDate "2020.04.13"]
[EventRounds "9"]
[EventCountry "AUT"]

1. d4 Nf6 2. Bf4 e6 3. e3 b6 4. Qf3 d5 5. Nc3 Bb7 6. O-O-O Bd6 7. g4 O-O 8. g5 Ne4
9. Nxe4 dxe4 10. Qg3 Bxf4 11. Qxf4 Nd7 12. Bh3 Rc8 13. Ne2 Qe7 14. Rhg1 c5 15. Nc3
cxd4 16. exd4 Rc4 17. Nxe4 Rfc8 18. c3 b5 19. Nd6 Bd5 20. Nxc8 Rxc8 21. Kb1 Nb6 22.
Bg2 a5 23. Bxd5 Nxd5 24. Rc1 Nxf4 25. Rce1 b4 26. Rg3 bxc3 27. bxc3 Qa3 28. Ka1 Rxc3
29. Rb1 g6 30. Rb3 Rxb3 31. Rxb3 Qc1+ 32. Rb1 Qc3+ 33. Rb2 Nd3  0-1

[Event "1. OEsterreichische Internet Schach Meisterschaft - Vorrunde 2"]
[Site "Online - Playchess.com"]
[Date ""]
[Round "5"]
[Board "37"]
[White "Schumi, Manfred"]
[Black "Krassnitzer, Julia"]
[Result "1-0"]
[WhiteElo "2202"]
[BlackElo "1803"]
[PlyCount "127"]
[EventDate "2020.04.13"]
[EventRounds "9"]
[EventCountry "AUT"]

1. e4 e5 2. Nf3 Nc6 3. Bb5 a6 4. Ba4 Nf6 5. O-O Be7 6. Re1 b5 7. Bb3 d6 8. a4 Bg4
9. c3 O-O 10. h3 Bh5 11. d3 Qd7 12. Nbd2 Na5 13. Bc2 c5 14. Nf1 b4 15. Ng3 Bg6 16.
d4 exd4 17. cxd4 Rab8 18. dxc5 dxc5 19. Bf4 Qxd1 20. Raxd1 Rbd8 21. Rxd8 Bxd8 22.
Bd6 Re8 23. Bxc5 b3 24. Bd3 Be7 25. Bxe7 Rxe7 26. Bxa6 h6 27. e5 Nd5 28. Rd1 Nb4
29. Bb5 Nb7 30. h4 Nc5 31. h5 Bc2 32. Rd8+ Kh7 33. Ne2 Ncd3 34. Bxd3+ Nxd3 35. Ned4
Nxb2 36. Nxc2 bxc2 37. Rc8 Nxa4 38. Rxc2 Nb6 39. Rc5 Nd7 40. Ra5 Nf8 41. g4 Ne6 42.
Kh2 Rd7 43. Kg3 Rc7 44. Nh4 Rc3+ 45. f3 Ng5 46. Ra4 g6 47. hxg6+ fxg6 48. Rf4 Kg7
49. Rf6 Nf7 50. Rxg6+ Kh7 51. Re6 Ng5 52. Rf6 Re3 53. Nf5 Rxe5 54. Rxh6+ Kg8 55.
Rg6+ Kf7 56. Rxg5 Re1 57. Rg7+ Kf8 58. Ra7 Rg1+ 59. Kf4 Rb1 60. g5 Rb5 61. g6 Kg8
62. Kg5 Rc5 63. Ra8+ Rc8 64. Rxc8#  1-0

[Event "1. OEsterreichische Internet Schach Meisterschaft - Vorrunde 2"]
[Site "Online - Playchess.com"]
[Date ""]
[Round "5"]
[Board "38"]
[White "Ofner, Maximilian"]
[Black "Wischounig, Laurin"]
[Result "0-1"]
[WhiteElo "2177"]
[BlackElo "1878"]
[PlyCount "88"]
[EventDate "2020.04.13"]
[EventRounds "9"]
[EventCountry "AUT"]

1. e4 c6 2. d4 d5 3. Nc3 dxe4 4. Nxe4 Bf5 5. Ng3 Bg6 6. Nf3 e6 7. h4 h6 8. Ne5 Bh7
9. Bc4 Nd7 10. Qe2 Nxe5 11. dxe5 Bb4+ 12. c3 Bc5 13. O-O Ne7 14. b4 Bb6 15. a4 a6
16. Ba3 O-O 17. Rad1 Qc7 18. b5 axb5 19. Bd6 Qd7 20. axb5 Rfd8 21. bxc6 bxc6 22.
Ne4 Nd5 23. Bxd5 cxd5 24. Ng3 Rdc8 25. Qg4 Rxc3 26. Nh5 Bg6 27. Nf6+ gxf6 28. h5
f5 29. Qb4 Ba5 30. Qb2 Bxh5 31. Rc1 Rac8 32. Rxc3 Bxc3 33. Qb6 Rc6 34. Qe3 Kh7 35.
Qh3 Bg6 36. Qh4 Rxd6 37. exd6 Qxd6 38. g3 Be5 39. Kg2 d4 40. Rh1 Qd5+ 41. Kg1 h5
42. Qg5 Qf3 43. Rh4 d3 44. Qd2 Bxg3  0-1

[Event "1. OEsterreichische Internet Schach Meisterschaft - Vorrunde 2"]
[Site "Online - Playchess.com"]
[Date ""]
[Round "5"]
[Board "39"]
[White "Novkovic, Julia"]
[Black "Kondrak, Christoph"]
[Result "1-0"]
[WhiteElo "2170"]
[BlackElo "2033"]
[PlyCount "93"]
[EventDate "2020.04.13"]
[EventRounds "9"]
[EventCountry "AUT"]

1. e4 c5 2. Nc3 e6 3. Nf3 a6 4. d4 cxd4 5. Nxd4 b5 6. Be3 Bb7 7. f3 Qc7 8. Qd2 Nf6
9. O-O-O Bb4 10. Bd3 O-O 11. Bg5 Ne8 12. a3 Bxc3 13. Qxc3 Qxc3 14. bxc3 f6 15. Be3
Nd6 16. Nb3 Nc4 17. Bxc4 bxc4 18. Na5 Bc6 19. Nxc4 d5 20. exd5 exd5 21. Nb6 Ra7 22.
Nxd5 Rb7 23. Bc5 Re8 24. Nb4 Bb5 25. Rhe1 Rc8 26. Bd4 Nc6 27. Nxc6 Bxc6 28. Re3 Kf7
29. Rde1 Bd5 30. Kd2 Rc4 31. Re8 Ra4 32. Bc5 Kg6 33. R8e7 Rb2 34. Bb4 a5 35. Ra7
Bb3 36. Rxa5 Rxc2+ 37. Kd3 Rxa5 38. Bxa5 Rxg2 39. c4 Rf2 40. Re3 Bd1 41. c5 Bxf3
42. Kc4 f5 43. Kb5 Rb2+ 44. Bb4 Bd5 45. Rd3 Be4 46. Rd6+ Kg5 47. c6  1-0

[Event "1. OEsterreichische Internet Schach Meisterschaft - Vorrunde 2"]
[Site "Online - Playchess.com"]
[Date ""]
[Round "5"]
[Board "40"]
[White "Tischler, Michel"]
[Black "Doskocil, Klaus"]
[Result "0-1"]
[WhiteElo "1517"]
[BlackElo "2157"]
[PlyCount "64"]
[EventDate "2020.04.13"]
[EventRounds "9"]
[EventCountry "AUT"]

1. e4 c5 2. Nf3 Nc6 3. d4 cxd4 4. Nxd4 Nf6 5. Nc3 e5 6. Ndb5 d6 7. Nd5 Nxd5 8. exd5
Nb8 9. c4 a6 10. Nc3 Be7 11. Bd3 f5 12. O-O O-O 13. a3 Nd7 14. b4 e4 15. Bc2 Bf6
16. Bb2 Ne5 17. Rb1 Nxc4 18. Bb3 Nxb2 19. Rxb2 Bxc3 20. Rc2 Be5 21. f4 Qb6+ 22. Kh1
Bf6 23. Qe2 Bd7 24. Rfc1 Rac8 25. h3 Rxc2 26. Rxc2 Bb5 27. Qh5 g6 28. Qh6 e3 29.
a4 e2 30. Rc1 Qf2 31. Rc7 e1=Q+ 32. Kh2 Qg3#  0-1

[Event "1. OEsterreichische Internet Schach Meisterschaft - Vorrunde 2"]
[Site "Online - Playchess.com"]
[Date ""]
[Round "5"]
[Board "41"]
[White "Schroettner, Tobias Julian"]
[Black "Nolz, Tom"]
[Result "0-1"]
[WhiteElo "1503"]
[BlackElo "2157"]
[PlyCount "62"]
[EventDate "2020.04.13"]
[EventRounds "9"]
[EventCountry "AUT"]

1. e4 e5 2. Nf3 f5 3. exf5 e4 4. Qe2 Nf6 5. d3 d5 6. Nc3 Bxf5 7. Bg5 Be7 8. Bxf6
Bxf6 9. dxe4 Bxc3+ 10. bxc3 Bxe4 11. Nd2 O-O 12. Nxe4 dxe4 13. Rd1 Qf6 14. Qe3 Qe6
15. Rd4 Kh8 16. Bc4 Qg6 17. O-O Nc6 18. Rxe4 Rad8 19. Bd3 Qf6 20. Rh4 Qxh4 21. g3
Qf6 22. Rb1 b6 23. Be4 Ne5 24. Bg2 Ng4 25. Qe1 Nxf2 26. Qe2 Rde8 27. Qh5 g6 28. Qd5
Ng4 29. Rf1 Qxf1+ 30. Bxf1 Rxf1+ 31. Kxf1 Ne3+  0-1

[Event "1. OEsterreichische Internet Schach Meisterschaft - Vorrunde 2"]
[Site "Online - Playchess.com"]
[Date ""]
[Round "5"]
[Board "42"]
[White "Gschiel, Alexander"]
[Black "Heinrici, Simon"]
[Result "1-0"]
[WhiteElo "1908"]
[BlackElo "2151"]
[PlyCount "93"]
[EventDate "2020.04.13"]
[EventRounds "9"]
[EventCountry "AUT"]

1. d4 d5 2. c4 e6 3. Nf3 Nf6 4. g3 dxc4 5. Bg2 Bd7 6. Ne5 Qc8 7. O-O c5 8. Nxc4 Bc6
9. dxc5 Bxg2 10. Kxg2 Bxc5 11. Nd6+ Bxd6 12. Qxd6 Qc6+ 13. Qxc6+ Nxc6 14. Nc3 a6
15. Bf4 O-O 16. Rfd1 Rfd8 17. Bc7 Rxd1 18. Rxd1 Rc8 19. Bb6 Kf8 20. Na4 Nd5 21. Bc5+
Ke8 22. e4 Nf6 23. Nc3 Rd8 24. Rxd8+ Kxd8 25. Kf3 Ne5+ 26. Ke2 Kd7 27. f4 Nc6 28.
h3 Nh5 29. Kf3 g6 30. e5 f6 31. g4 fxe5 32. gxh5 exf4 33. hxg6 hxg6 34. Kxf4 e5+
35. Kg5 Ke6 36. Kxg6 e4 37. Nxe4 Ke5 38. Nd6 Kd5 39. Nxb7 Ne5+ 40. Kf5 Nc4 41. b4
Ne5 42. h4 Nf7 43. h5 Kc6 44. Nd6 Nh8 45. Kf6 a5 46. Kg7 axb4 47. Bxb4  1-0

[Event "1. OEsterreichische Internet Schach Meisterschaft - Vorrunde 2"]
[Site "Online - Playchess.com"]
[Date ""]
[Round "5"]
[Board "43"]
[White "Weichhart, Daniel"]
[Black "Strodl, Joachim"]
[Result "1-0"]
[WhiteElo "1648"]
[BlackElo "2137"]
[PlyCount "89"]
[EventDate "2020.04.13"]
[EventRounds "9"]
[EventCountry "AUT"]

1. e4 g6 2. d4 Bg7 3. Nc3 c5 4. Nf3 cxd4 5. Nxd4 Nc6 6. Be3 Nf6 7. Bc4 Qa5 8. Bb3
Nxe4 9. Qf3 Nf6 10. O-O O-O 11. Nxc6 dxc6 12. h3 Bf5 13. Rfd1 Rad8 14. g4 Bc8 15.
Bf4 Nd7 16. Re1 e5 17. Bg5 Rde8 18. Ne4 h6 19. Nd6 Re6 20. Bxe6 fxe6 21. Qe3 hxg5
22. Ne4 Qb6 23. Qxb6 Nxb6 24. Nxg5 Nd5 25. c3 Bh6 26. Ne4 Nf4 27. Kh2 Nd3 28. Re2
Bf4+ 29. Kg2 b6 30. Rd1 Ba6 31. f3 Nc5 32. Rf2 Nxe4 33. fxe4 Bc4 34. b3 Ba6 35. Rd6
Re8 36. Rd7 Ra8 37. Kf3 Bd3 38. Rxd3 a5 39. Rd6 a4 40. b4 Rc8 41. Rf1 b5 42. Rfd1
c5 43. Rd8+ Rxd8 44. Rxd8+ Kf7 45. bxc5  1-0